| 000 | 00700cam a2200217 4500 | ||
|---|---|---|---|
| 008 | 000000n2001 000 0 eng u | ||
| 020 | _a0851424511 | ||
| 035 | _a(Sirsi) u112056 | ||
| 050 | _a026.60212 | ||
| 100 | _aEgghe, Leo | ||
| 245 | _aElementary statistics for effective library and information service management. | ||
| 260 |
_aLondon _bAslib _c2001 |
||
| 300 | _aiv,120p. ; 24cm. | ||
| 350 | _a24.99 | ||
| 520 | _aDescribes how to use statistical data to produce professional reports on library activities. | ||
| 650 | _aLIBRARIES | ||
| 650 | _aLIBRARY MANAGEMENT | ||
| 690 | _aMANAGEMENT-BUSINESS MANAGEMENT-INFORMATION MANAGEMENT | ||
| 700 | _aRousseau, Ronald | ||
| 942 | _n0 | ||
| 999 |
_c101353 _d101353 |
||